Executive policy and strategic planning (Record no. 33297)

MARC details
000 -LEADER
fixed length control field 00292nam a2200109Ia 4500
082 ## - DEWEY DECIMAL CLASSIFICATION NUMBER
Classification number 338.26
Item number MCN
100 ## - MAIN ENTRY--AUTHOR NAME
Personal name MCNICHOLAS, Thomas J
245 #0 - TITLE STATEMENT
Title Executive policy and strategic planning
260 ## - PUBLICATION, DISTRIBUTION, ETC. (IMPRINT)
Place of publication New York
Name of publisher McGraw Hill
Year of publication 1977
942 ## - ADDED ENTRY ELEMENTS (KOHA)
Koha item type Books
Holdings
Withdrawn status Lost status Damaged status Not for loan Home library Current library Date acquired Full call number Accession Number Koha item type
        RRII Library RRII Library 16/12/2021 338.26 MCN 13796 Books